Can You Name All The Countries of North America? - Statistics

General Stats
  • This quiz has been taken 35 times
  • The average score is 19 of 23
Answers on the Map
Answers color-coded by a green-red scale on the quiz's map according to % correct below.
 
Answer Stats
Answer % Correct
Canada
96%
Cuba
96%
Mexico
96%
United States of America
96%
Bahamas
86%
Dominican Republic
86%
Haiti
86%
Honduras
86%
Costa Rica
82%
Dominica
82%
Jamaica
82%
Nicaragua
82%
St Lucia
82%
El Salvador
79%
Guatemala
79%
Panama
79%
Barbados
75%
Saint Kitts and Nevis
75%
Saint Vincent and the Grenadines
75%
Trinidad and Tobago
75%
Antigua and Barbuda
71%
Belize
71%
Grenada
64%
No matching quizzes found
Score Distribution
Percent of People with Each Score
Percentile by Number Answered
Your Score History
You have not taken this quiz